00501nam a2200157Ia 450000500170000000800410001704100080005808200160006610000280008224500280011026000390013830000090017765000230018699900190020995201150022820250729165802.0250729s2017 xx 000 0 und d akan a370.25 YADJ aDr.S.B Yadawada9232955 aJnana mattu Patya Krama aGadagbVidyanidhi Prakashanac2017 a226p aPsychology9232956 c240040d240040 00104070aALbALd2025-07-29eManagement Bookl0o370.25 YADJpBED05359r2025-07-29 16:58:02w2025-07-29yBK